La Política financiera de la Generalidad durante la revolución y la guerra : 19 julio - 19 noviembre 1936 / Generalidad de Cataluña. Departamento de Hacienda 19 julio - 19 noviembre 1936 / Generalidad de Cataluña. Departamento de Hacienda
Descripción Física:
450 p. : amb gràf., [9 d'elles, pleg] ; 27 cm
Materias:
Finances -- Catalunya -- 1936
MARC
| LEADER | 00000nam a2200000Ia 4500 | ||
|---|---|---|---|
| 001 | 1119 | ||
| 008 | 160829s9999 xx 000 0 cat d | ||
| 080 | |a M-3-186 | ||
| 110 | 1 | |a Catalunya. |b Departament de Finances |9 52959 | |
| 245 | |a La Política financiera de la Generalidad durante la revolución y la guerra : |b 19 julio - 19 noviembre 1936 / Generalidad de Cataluña. Departamento de Hacienda | ||
| 260 | |a Barcelona : |b (Casa de Asistencia President Macià, imprenta) [1936?] | ||
| 300 | |a 450 p. : |b amb gràf., [9 d'elles, pleg] ; |c 27 cm | ||
| 650 | |a Finances |x Catalunya |x 1936 |9 23176 | ||
| 901 | |a Arxiu | ||
| 942 | |n 1 | ||
| 952 | |0 0 |1 0 |4 0 |6 M3186 |7 1 |9 42573 |a Arxiu |b Arxiu |d 2016-12-01 |l 0 |o M-3-186 |p 1119 |r 2016-12-01 00:00:00 |w 2016-12-01 |y ARXIU | ||
| 999 | |c 45078 |d 45078 | ||